Jatakaparijata Vol 2 (Record no. 1324)

MARC details
000 -LEADER
fixed length control field 00292nam a22001217a 4500
008 - FIXED-LENGTH DATA ELEMENTS--GENERAL INFORMATION
fixed length control field 260424b |||||||| |||| 00| 0 eng d
082 ## - DEWEY DECIMAL CLASSIFICATION NUMBER
Classification number 001337
100 ## - MAIN ENTRY--PERSONAL NAME
Personal name Oja, Gopesh Kumar
245 ## - TITLE STATEMENT
Title Jatakaparijata Vol 2
260 ## - PUBLICATION, DISTRIBUTION, ETC.
Place of publication, distribution, etc. Delhi
Name of publisher, distributor, etc. Motilal Banarasidass
Date of publication, distribution, etc. 2017
300 ## - PHYSICAL DESCRIPTION
Extent 1124p
942 ## - ADDED ENTRY ELEMENTS (KOHA)
Source of classification or shelving scheme Dewey Decimal Classification
Holdings
Withdrawn status Lost status Source of classification or shelving scheme Damaged status Not for loan Home library Current library Shelving location Date acquired Source of acquisition Inventory number Total Checkouts Full call number Barcode Date last seen Price effective from
    Dewey Decimal Classification     Karnataka Samskrit University Library Karnataka Samskrit University Library General Stacks 04/24/2026 Book Paradise 94470   001337 001337 04/24/2026 04/24/2026
    Dewey Decimal Classification     Karnataka Samskrit University Library Karnataka Samskrit University Library General Stacks 04/24/2026 Book Paradise 94470   001337 001338 04/24/2026 04/24/2026

Powered by Koha